000 00698nam a2200193 i 4500
001 23383
003 ES-MaACL
005 20240206144700.0
007 t|
008 021210s1954 sp ||||1| spa d
100 1 _aÁlvarez Blázquez, Xosé María.
_920707
245 1 0 _aVigo, puerto y puerta de Galicia
_b: guía de la ciudad /
_cJosé María Alvarez Blázquez, Luis Viñas Cortegoso, Emilio Alvarez-Blázquez.
260 _a[Vigo] :
_bLetras,
_c1954 (
_fFaro)
300 _a116 p. :
_b8 gráf. pleg., il. ;
_c19 cm.
700 1 _aViñas Cortegoso, Luis.
_9115379
700 1 _aÁlvarez Blázquez, Emilio,
_d1916-1988
_920706
852 _aES-MaACL
_jC-9704
_bR.36818
999 _c23383
_d23383